An automated photogrammetric mapping system / International Archives of Photogrammetry Vol. 24, 1982 p.169 - 178 (Record no. 99503)
[ view plain ]
| 000 -LEADER | |
|---|---|
| fixed length control field | 00504cam a2200169 4500 |
| 001 - CONTROL NUMBER | |
| control field | D11840 |
| 008 - FIXED-LENGTH DATA ELEMENTS--GENERAL INFORMATION | |
| fixed length control field | 090401t xxu||||| |||| 00| 0 eng d |
| 035 ## - SYSTEM CONTROL NUMBER | |
| System control number | (Sirsi) u99870 |
| 041 ## - LANGUAGE CODE | |
| Language code of text/sound track or separate title | eng |
| 050 ## - LIBRARY OF CONGRESS CALL NUMBER | |
| Classification number | 526.9820285 |
| 100 ## - MAIN ENTRY--PERSONAL NAME | |
| Personal name | Wolf, Paul R. |
| 245 #3 - TITLE STATEMENT | |
| Title | An automated photogrammetric mapping system / International Archives of Photogrammetry Vol. 24, 1982 p.169 - 178 |
| 350 ## - PRICE (NR) (BK AM CF MU VM SE) [OBSOLETE] | |
| Price | 0 |
| 520 ## - SUMMARY, ETC. | |
| Summary, etc. | In RICS Land surveyors information package 12: image processing |
| 942 ## - ADDED ENTRY ELEMENTS (KOHA) | |
| Suppress in OPAC | 0 |
| 948 ## - LOCAL PROCESSING INFORMATION (OCLC); SERIES PART DESIGNATOR (RLIN) | |
| c (OCLC) | 04/03/1997 |
| Withdrawn status | Lost status | Source of classification or shelving scheme | Damaged status | Not for loan | Home library | Current library | Shelving location | Date acquired | Total Checkouts | Full call number | Barcode | Date last seen | Copy number | Price effective from | Koha item type |
|---|---|---|---|---|---|---|---|---|---|---|---|---|---|---|---|
| Other/Generic Classification Scheme | London | London | Folio | 20/03/2001 | F526.9820285 | 99870-1001 | 06/08/2019 | 1 | 06/08/2019 | Reference material |